Catalytic Methods in Flow Chemistry (Record no. 33633)

MARC details
000 -LEADER
fixed length control field 01157nam a2200121Ia 4500
008 - FIXED-LENGTH DATA ELEMENTS--GENERAL INFORMATION
fixed length control field 220620s9999||||xx |||||||||||||| ||und||
100 ## - MAIN ENTRY--PERSONAL NAME
Personal name Len, Christophe||Luisi, Renzo
245 #0 - TITLE STATEMENT
Title Catalytic Methods in Flow Chemistry
546 ## - LANGUAGE NOTE
Language note English[eng]
650 ## - SUBJECT ADDED ENTRY--TOPICAL TERM
Topical term or geographic name entry element n/a||dynamic mesh||catalytic hydrodechlorination||Pd catalyst||fuel reactor||catalysis||alcohols||Rhynchophorus ferrugineus||ketones||numerical prediction||heterogeneous catalyst||5-hydroxymethylfurfural (HMF)||CO2 capture||chemical looping combustion||SBA-15||biodiesel||?-valerolactone||(bio) catalysis||economizer||erosion rate||magnesium||circulating fluidized bed||continuous reactor||erosion evolution||kinetics||Meerwein–Ponndorf–Verley reduction||flow microreactor||CFD||micro reactor||Oppenauer oxidation||chlorophenols||succinate||aldehydes||multiphase catalysis||methyl levulinate||pheromone||zirconium||flow chemistry||continuous flow||biomass||glucose||oxidation||dialkyl succinates||tube-in-tube||aerobic||chemo-enzymatic catalysis||homogeneous catalysis||lipase Cal B||expiry period||titanium dioxide
856 ## - ELECTRONIC LOCATION AND ACCESS
Uniform Resource Identifier <a href="https://mdpi.com/books/pdfview/book/2182">https://mdpi.com/books/pdfview/book/2182</a>
942 ## - ADDED ENTRY ELEMENTS (KOHA)
Koha item type E-Books
Holdings
Withdrawn status Lost status Damaged status Not for loan Home library Current library Date acquired Total Checkouts Date last seen Price effective from Koha item type
        Kerala University of Digital Sciences, Innovation and Technology Knowledge Centre Kerala University of Digital Sciences, Innovation and Technology Knowledge Centre 20/06/2022   20/06/2022 20/06/2022 E-Books